000 00880nam a2200205Ia 4500
001 5729
003 GE_BSU
008 181216s||||||||xx |||||||||||||| ||und||
040 _cGE_BSU
080 _a512.13(075.8)
100 _aВарпаховский, Ф.Л;Содовников,А.С.
245 _aАлгебра (Элементы теории множеств. Линейные уравнения и неравенства. Матрицы и опеределители).
245 _bУчебние пособие для студ- заочников физ-мат.фак.ов педаг. ин-тов
260 _aМосква
260 _bПросвещение
260 _c1974
300 _a158 с. 22см.
653 _aАлгебра Элементы теории множеств. линейные уравнения и интегралов
942 _cBK
999 _c39146
_d39146